[Event "España ch sub-16 2012"]
[Site "Salobreña ESP"]
[Date "2012.07.18"]
[Round "5.19"]
[White "Ruiz Font, Elisabet"]
[Black "Dierssen Garcia-Barredo, Guillermo"]
[Result "1/2-1/2"]
[WhiteElo "2039"]
[BlackElo "1854"]
[PlyCount "62"]
[EventDate "2012.07.16"]
[EventType "swiss"]
[EventRounds "9"]
[EventCountry "ESP"]
[Source "lmi"]
[SourceDate "2012.07.16"]

1. e4 c5 2. Nf3 g6 3. d4 cxd4 4. Nxd4 Nc6 5. Nc3 Bg7 6. Nb3 Nf6 7. Be2 O-O 8.
O-O d6 9. Bg5 Be6 10. f4 Rc8 11. Bf3 Nd7 12. Rb1 Nb6 13. Nd5 Nc4 14. c3 Re8 15.
Qe2 Bxd5 16. exd5 N6a5 17. Kh1 Nxb3 18. axb3 Na5 19. b4 Nc4 20. b3 Nb6 21. c4
Nd7 22. Rbc1 Bf6 23. Bxf6 Nxf6 24. Rfd1 e6 25. dxe6 Rxe6 26. Qf2 b6 27. c5 Qc7
28. c6 d5 29. b5 Qxf4 30. Qa2 Re7 31. Rf1 Qb4 1/2-1/2

[Event "España ch sub-16 2012"]
[Site "Salobreña ESP"]
[Date "2012.07.18"]
[Round "5.20"]
[White "Martin Perez, Laura"]
[Black "Dominguez Carnero, Javier"]
[Result "1/2-1/2"]
[WhiteElo "2019"]
[BlackElo "1845"]
[PlyCount "131"]
[EventDate "2012.07.16"]
[EventType "swiss"]
[EventRounds "9"]
[EventCountry "ESP"]
[Source "lmi"]
[SourceDate "2012.07.16"]

1. e4 c6 2. d4 d5 3. Nc3 dxe4 4. Nxe4 Bf5 5. Ng3 Bg6 6. h4 h6 7. Nf3 Nd7 8. h5
Bh7 9. Bd3 Bxd3 10. Qxd3 Ngf6 11. Bd2 e6 12. Qe2 Be7 13. O-O-O Qc7 14. Ne5 c5
15. Rhe1 Nxe5 16. dxe5 Nd5 17. Qg4 O-O-O 18. Qxg7 Bg5 19. Bxg5 Rdg8 20. Bxh6
Qe7 21. Bg5 Qc7 22. Bf6 Rxg7 23. Bxg7 Rh7 24. h6 Qe7 25. Ne4 Qh4 26. g3 Qh5 27.
c4 Nb4 28. a3 Rxh6 29. axb4 Rg6 30. Bf6 cxb4 31. Nd6+ Kc7 32. Nb5+ Kb6 33. Bd8+
Ka6 34. Nc7+ Ka5 35. Nxe6+ Ka4 36. Nf4 Qg4 37. Nxg6 Qxg6 38. Re3 Qe6 39. Rd5 b6
40. f4 Qh3 41. Kc2 Qf1 42. Red3 Qe2+ 43. Rd2 Qxc4+ 44. Kb1 Qe4+ 45. Kc1 Qe1+
46. Kc2 Qxg3 47. R5d3 Qxf4 48. Bf6 Qc4+ 49. Kd1 Qg4+ 50. Kc2 Qc4+ 51. Kb1 Qe4
52. b3+ Ka5 53. Kb2 Ka6 54. Rd4 Qe3 55. R4d3 Qe4 56. Rd1 Qe2+ 57. R3d2 Qe4 58.
Ra1+ Kb7 59. Rd7+ Kc6 60. Rd6+ Kb5 61. Rad1 Qe3 62. R6d5+ Ka6 63. R1d3 Qe2+ 64.
Rd2 Qe3 65. R5d3 Qe4 66. Be7 1/2-1/2

[Event "España ch sub-16 2012"]
[Site "Salobreña ESP"]
[Date "2012.07.18"]
[Round "5.21"]
[White "Domingo Nuñez, Ruben"]
[Black "Ponce Cano, Adrian"]
[Result "1-0"]
[WhiteElo "1887"]
[BlackElo "1995"]
[PlyCount "76"]
[EventDate "2012.07.16"]
[EventType "swiss"]
[EventRounds "9"]
[EventCountry "ESP"]
[Source "lmi"]
[SourceDate "2012.07.16"]

1. e4 d5 2. exd5 Qxd5 3. Nc3 Qd6 4. Nf3 Nf6 5. h3 c6 6. d3 Bf5 7. Be2 Nbd7 8.
Be3 e6 9. Qd2 Qc7 10. Bf4 Bd6 11. Bxd6 Qxd6 12. O-O Nb6 13. Qe3 h6 14. Ne4 Qc7
15. c4 Nfd7 16. Rfd1 O-O-O 17. a4 Kb8 18. b4 g5 19. d4 Bh7 20. a5 Nc8 21. b5 f5
22. bxc6 Qxc6 23. d5 exd5 24. cxd5 Qg6 25. Nc3 Rhe8 26. Qd2 Nc5 27. a6 b6 28.
Bb5 Re7 29. Nd4 Rc7 30. Qe2 Rf8 31. Nc6+ Ka8 32. Ne5 Qg7 33. d6 Nxd6 34. Rxd6
Ne4 35. Nxe4 Qxe5 36. Rad1 fxe4 37. Rd8+ Rc8 38. Qc4 Kb8 1-0

[Event "España ch sub-16 2012"]
[Site "Salobreña ESP"]
[Date "2012.07.18"]
[Round "5.22"]
[White "Pinsach Gelabert, Alexandre"]
[Black "Perez Tores, Juan Miguel"]
[Result "1/2-1/2"]
[WhiteElo "1990"]
[BlackElo "1834"]
[PlyCount "102"]
[EventDate "2012.07.16"]
[EventType "swiss"]
[EventRounds "9"]
[EventCountry "ESP"]
[Source "lmi"]
[SourceDate "2012.07.16"]

1. e4 e5 2. Nf3 Nc6 3. Bb5 a6 4. Ba4 d6 5. O-O Be7 6. c3 f5 7. d3 Nf6 8. Nbd2
h6 9. Nh4 f4 10. Ng6 Rh7 11. Bxc6+ bxc6 12. d4 Kf7 13. dxe5 Kxg6 14. exf6 Bxf6
15. Nf3 Bg5 16. e5 Rh8 17. h4 Bxh4 18. Bxf4 d5 19. c4 Rf8 20. g3 Bg5 21. Bxg5
hxg5 22. Nd4 dxc4 23. Qc2+ Kh6 24. Qxc4 Qd5 25. Qxc6+ Qxc6 26. Nxc6 Bd7 27.
Rac1 Rae8 28. f4 Kh5 29. Nd4 gxf4 30. Rxc7 Bh3 31. Rxf4 Rxf4 32. gxf4 Kg4 33.
f5 Kf4 34. Nc6 Bxf5 35. Rxg7 Rc8 36. Nd4 Kxe5 37. Nxf5 Kxf5 38. Rb7 Ke4 39. Rb3
a5 40. Kf1 a4 41. Ra3 Rc1+ 42. Ke2 Rc2+ 43. Kd1 Rxb2 44. Rxa4+ Kd5 45. Kc1 Rh2
46. Kb1 Kc5 47. Ra8 Kb6 48. a4 Kb7 49. Rg8 Ka7 50. Rg5 Ka6 51. a5 Rf2 1/2-1/2

[Event "España ch sub-16 2012"]
[Site "Salobreña ESP"]
[Date "2012.07.18"]
[Round "5.23"]
[White "Serarols Mabras, Bernat"]
[Black "Ordas Martinez, Jose"]
[Result "1-0"]
[WhiteElo "1974"]
[BlackElo "1825"]
[PlyCount "72"]
[EventDate "2012.07.16"]
[EventType "swiss"]
[EventRounds "9"]
[EventCountry "ESP"]
[Source "lmi"]
[SourceDate "2012.07.16"]

1. d4 d5 2. c4 e6 3. Nc3 Nf6 4. cxd5 exd5 5. Bg5 Be7 6. Qc2 c6 7. e3 Nbd7 8.
Bd3 h6 9. Bf4 O-O 10. h3 Re8 11. Nf3 Nf8 12. O-O Be6 13. Rad1 Bd6 14. Bxd6 Qxd6
15. Rfe1 Rad8 16. Ne5 N6d7 17. f4 f6 18. Nf3 Bf7 19. Nh4 Qb8 20. Qf2 Ne6 21.
Nf5 Ndf8 22. Kh1 Kh8 23. Ne2 Qc7 24. Ng1 Bg8 25. Nf3 Bh7 26. g4 Qd7 27. Rg1
Bxf5 28. Bxf5 g6 29. Bb1 Re7 30. Nh4 Qe8 31. Rg3 Rdd7 32. f5 Ng7 33. fxg6 Rd6
34. Qf4 Rde6 35. Qxh6+ Kg8 36. Rf1 Qd8 1-0

[Event "España ch sub-16 2012"]
[Site "Salobreña ESP"]
[Date "2012.07.18"]
[Round "5.24"]
[White "Blesa Fernandez, Francisco"]
[Black "Romero Calduch, Sergio"]
[Result "1/2-1/2"]
[WhiteElo "1835"]
[BlackElo "1963"]
[PlyCount "76"]
[EventDate "2012.07.16"]
[EventType "swiss"]
[EventRounds "9"]
[EventCountry "ESP"]
[Source "lmi"]
[SourceDate "2012.07.16"]

1. d4 Nf6 2. c4 g6 3. Nc3 Bg7 4. e4 d6 5. f3 O-O 6. Be3 e5 7. d5 Nh5 8. Bd3 Nf4
9. Qd2 f5 10. O-O-O fxe4 11. Bxe4 Nd7 12. h4 b5 13. Nxb5 Nf6 14. Bc2 Ba6 15.
Na3 Rb8 16. b3 Qe7 17. Re1 Qf7 18. Nh3 Nxh3 19. Rxh3 Nh5 20. Bh6 Bxh6 21. Qxh6
Qf4+ 22. Qxf4 exf4 23. Rhh1 Ng3 24. Rhg1 Rbe8 25. Kd2 Bc8 26. Nb1 Bd7 27. Nc3
Kg7 28. Ne2 Nxe2 29. Rxe2 Rxe2+ 30. Kxe2 Kh6 31. Kf2 Re8 32. Be4 a5 33. a3 Rb8
34. Rb1 Kg7 35. b4 axb4 36. axb4 Kf6 37. g3 fxg3+ 38. Kxg3 Ke5 1/2-1/2

[Event "España ch sub-16 2012"]
[Site "Salobreña ESP"]
[Date "2012.07.19"]
[Round "6.1"]
[White "Santos Latasa, Jaime"]
[Black "Navarrete Espi, Samuel"]
[Result "1-0"]
[WhiteElo "2399"]
[BlackElo "2197"]
[PlyCount "61"]
[EventDate "2012.07.16"]
[EventType "swiss"]
[EventRounds "9"]
[EventCountry "ESP"]
[Source "lmi"]
[SourceDate "2012.07.16"]

1. d4 Nf6 2. c4 g6 3. Nc3 Bg7 4. e4 d6 5. f4 O-O 6. Nf3 c5 7. d5 e6 8. dxe6
Bxe6 9. Bd3 Bg4 10. O-O Nc6 11. h3 Bxf3 12. Qxf3 Nd4 13. Qf2 a6 14. Be3 b5 15.
Rae1 Re8 16. cxb5 Nxb5 17. f5 Nxc3 18. bxc3 Nd7 19. Bc4 g5 20. Bd5 Rb8 21. f6
Bxf6 22. Bc6 Bxc3 23. Rc1 Bg7 24. Qxf7+ Kh8 25. Qxd7 Qxd7 26. Bxd7 Rxe4 27.
Bxg5 Re2 28. Rb1 Bd4+ 29. Kh1 Rg8 30. Bg4 Rxa2 31. Be6 1-0

[Event "España ch sub-16 2012"]
[Site "Salobreña ESP"]
[Date "2012.07.19"]
[Round "6.2"]
[White "Diaz Camallonga, Carles"]
[Black "Suarez Garcia, Carlos"]
[Result "0-1"]
[WhiteElo "2144"]
[BlackElo "2306"]
[PlyCount "68"]
[EventDate "2012.07.16"]
[EventType "swiss"]
[EventRounds "9"]
[EventCountry "ESP"]
[Source "lmi"]
[SourceDate "2012.07.16"]

1. e4 c5 2. Nf3 e6 3. d4 cxd4 4. Nxd4 Nc6 5. Nb5 d6 6. c4 Nf6 7. N1c3 a6 8. Na3
Be7 9. Be2 O-O 10. Be3 b6 11. O-O Bb7 12. f4 Rc8 13. Rc1 Nd7 14. g4 Nc5 15. Bf3
Nb4 16. Qe2 Rc7 17. Rcd1 Qa8 18. Qg2 Rd7 19. g5 f5 20. Bxc5 bxc5 21. exf5 Bxf3
22. Rxf3 Rxf5 23. Qe2 Bxg5 24. Qxe6+ Rdf7 25. Rdf1 Kh8 26. Ne4 Bxf4 27. Nxd6
Rg5+ 28. Kh1 Bxd6 29. Qxf7 h6 30. Rg1 Rxg1+ 31. Kxg1 Qe4 32. Rf2 Nd3 33. Rf1
Bf4 34. h3 Qe3+ 0-1

[Event "España ch sub-16 2012"]
[Site "Salobreña ESP"]
[Date "2012.07.19"]
[Round "6.3"]
[White "Martin Duque, Jesus"]
[Black "Martin Garcia, Guillermo"]
[Result "1-0"]
[WhiteElo "2241"]
[BlackElo "1963"]
[PlyCount "75"]
[EventDate "2012.07.16"]
[EventType "swiss"]
[EventRounds "9"]
[EventCountry "ESP"]
[Source "lmi"]
[SourceDate "2012.07.16"]

1. e4 e5 2. Nf3 Nc6 3. Bb5 Bc5 4. c3 Nge7 5. d4 exd4 6. cxd4 Bb4+ 7. Nbd2 d5 8.
e5 Bg4 9. O-O O-O 10. Nb3 a6 11. Be2 Ng6 12. Ng5 Bxe2 13. Qxe2 h6 14. Nh3 a5
15. a4 Nge7 16. Be3 Qd7 17. f4 f6 18. Kh1 fxe5 19. dxe5 Nf5 20. Bg1 d4 21. Qc4+
Kh8 22. Rad1 Rad8 23. e6 Qd6 24. g4 Nh4 25. Nxd4 Nxd4 26. Bxd4 Qe7 27. f5 Kh7
28. Qc2 Kg8 29. Qe4 c5 30. Be5 c4 31. Nf4 Rxd1 32. Rxd1 Qg5 33. Nd5 h5 34. e7
Bxe7 35. Bf4 Qxg4 36. Nxe7+ Kh8 37. Rg1 Qh3 38. Be5 1-0

[Event "España ch sub-16 2012"]
[Site "Salobreña ESP"]
[Date "2012.07.19"]
[Round "6.4"]
[White "Rojano Alfonso, Carlos"]
[Black "Nicolas Zapata, Irene"]
[Result "1/2-1/2"]
[WhiteElo "2084"]
[BlackElo "2235"]
[PlyCount "68"]
[EventDate "2012.07.16"]
[EventType "swiss"]
[EventRounds "9"]
[EventCountry "ESP"]
[Source "lmi"]
[SourceDate "2012.07.16"]

1. d4 Nf6 2. c4 e6 3. Nf3 Bb4+ 4. Bd2 Qe7 5. g3 Nc6 6. Bg2 Bxd2+ 7. Nbxd2 d6 8.
O-O a5 9. e4 e5 10. d5 Nb8 11. Ne1 h5 12. Nd3 h4 13. f4 hxg3 14. hxg3 Nbd7 15.
f5 b6 16. Qf3 Bb7 17. Nb1 Nh7 18. Nc3 Ndf6 19. Kf2 Ba6 20. b3 Ng5 21. Qe2 g6
22. Rh1 O-O-O 23. fxg6 fxg6 24. Ke3 Kb8 25. Kd2 Qg7 26. a3 Rxh1 27. Rxh1 Rh8
28. Qf1 Rxh1 29. Qxh1 Nh5 30. Qe1 Qf6 31. Qe3 Nf7 32. Ne2 a4 33. Nb4 Bb7 34.
bxa4 Qg5 1/2-1/2

[Event "España ch sub-16 2012"]
[Site "Salobreña ESP"]
[Date "2012.07.19"]
[Round "6.5"]
[White "Montoliu Cervero, Francisco"]
[Black "Lopez Caudevilla, David"]
[Result "1-0"]
[WhiteElo "2230"]
[BlackElo "1999"]
[PlyCount "43"]
[EventDate "2012.07.16"]
[EventType "swiss"]
[EventRounds "9"]
[EventCountry "ESP"]
[Source "lmi"]
[SourceDate "2012.07.16"]

1. e4 d6 2. d4 Nf6 3. Nc3 g6 4. f4 Bg7 5. Nf3 O-O 6. Bd3 Bg4 7. h3 Bxf3 8. Qxf3
Nc6 9. Be3 Nb4 10. O-O-O Nxd3+ 11. Rxd3 Nd7 12. Kb1 b6 13. h4 e6 14. h5 Qe7 15.
Qh3 Rfc8 16. hxg6 hxg6 17. f5 Nf8 18. Bh6 Qf6 19. e5 dxe5 20. Ne4 Qxf5 21. g4
Qxe4 22. Bc1 1-0

[Event "España ch sub-16 2012"]
[Site "Salobreña ESP"]
[Date "2012.07.19"]
[Round "6.6"]
[White "Escudero Manzano, Alejandro"]
[Black "Moreno Ibañez, Miguel"]
[Result "0-1"]
[WhiteElo "2192"]
[BlackElo "2055"]
[PlyCount "58"]
[EventDate "2012.07.16"]
[EventType "swiss"]
[EventRounds "9"]
[EventCountry "ESP"]
[Source "lmi"]
[SourceDate "2012.07.16"]

1. e4 c5 2. Nf3 Nc6 3. d4 cxd4 4. Nxd4 e5 5. Nb5 d6 6. N1c3 a6 7. Na3 b5 8. Nd5
Nce7 9. Nxe7 Bxe7 10. c4 Nf6 11. Bd3 O-O 12. O-O Bb7 13. Bg5 Nxe4 14. Bxe7 Qxe7
15. cxb5 axb5 16. Nxb5 Nc5 17. Re1 Qg5 18. Bf1 Rad8 19. Qc1 Qg6 20. Qe3 f5 21.
f4 Kh8 22. Nc3 exf4 23. Qf2 f3 24. Qg3 Qh6 25. b4 fxg2 26. Bxg2 f4 27. Qh3 f3
28. Nd1 Qf6 29. bxc5 Qxa1 0-1

[Event "España ch sub-16 2012"]
[Site "Salobreña ESP"]
[Date "2012.07.19"]
[Round "6.7"]
[White "Buendia Pinar, Alvaro"]
[Black "Shen, Yue"]
[Result "0-1"]
[WhiteElo "1999"]
[BlackElo "2148"]
[PlyCount "135"]
[EventDate "2012.07.16"]
[EventType "swiss"]
[EventRounds "9"]
[EventCountry "ESP"]
[Source "lmi"]
[SourceDate "2012.07.16"]

1. e4 c6 2. d4 d5 3. exd5 cxd5 4. c4 Nf6 5. Nc3 e6 6. c5 Nc6 7. Nf3 Be7 8. Rb1
Ne4 9. Qc2 Nxc3 10. Qxc3 a5 11. Bb5 O-O 12. O-O Bd7 13. a3 a4 14. Qc2 Ne5 15.
Be2 Nxf3+ 16. Bxf3 Bb5 17. Re1 Bf6 18. Be3 Bc4 19. Be2 Bb3 20. Qc3 Qc7 21. Bd3
b6 22. c6 Ra5 23. Rbc1 Rc8 24. Qd2 b5 25. Bf4 Qb6 26. Be5 Bxe5 27. Rxe5 g6 28.
Qb4 Rc7 29. h4 Ra8 30. Rc5 Rxc6 31. Qxb5 Qxb5 32. Rxb5 Rc1+ 33. Kh2 Rd1 34. Re3
Rd2 35. Rf3 h5 36. Rb7 Rf8 37. Kg3 Kg7 38. Kf4 Bd1 39. Ke3 Rxd3+ 40. Kxd3 Bxf3
41. gxf3 Ra8 42. f4 Kf6 43. Ke3 Rc8 44. Rb4 Rc2 45. Rxa4 Rxb2 46. Ra7 Rb3+ 47.
Ke2 Rh3 48. a4 Rxh4 49. Ke3 Rh3+ 50. f3 Rh2 51. a5 Ra2 52. Ra8 Kf5 53. a6 Ra3+
54. Kd2 Kxf4 55. Rf8 Rxa6 56. Rxf7+ Kg3 57. Ke3 g5 58. Rg7 Ra3+ 59. Ke2 Kf4 60.
Rf7+ Kg3 61. Rg7 g4 62. fxg4 hxg4 63. Rg6 Ra6 64. Ke3 Rb6 65. Rh6 Kg2 66. Kf4
g3 67. Rg6 e5+ 68. Kxe5 0-1

[Event "España ch sub-16 2012"]
[Site "Salobreña ESP"]
[Date "2012.07.19"]
[Round "6.8"]
[White "Nuñez Miranda, Adrian"]
[Black "Marchena Hurtado, Javier"]
[Result "0-1"]
[WhiteElo "1909"]
[BlackElo "2085"]
[PlyCount "82"]
[EventDate "2012.07.16"]
[EventType "swiss"]
[EventRounds "9"]
[EventCountry "ESP"]
[Source "lmi"]
[SourceDate "2012.07.16"]

1. e4 c6 2. d4 d5 3. exd5 cxd5 4. Bd3 Nc6 5. c3 Nf6 6. Bf4 Bg4 7. Qb3 Qc8 8.
Nd2 e6 9. Ngf3 Be7 10. O-O Bh5 11. Ne5 Nxe5 12. dxe5 Nd7 13. c4 d4 14. Ne4 O-O
15. Nd6 Bxd6 16. exd6 e5 17. Bg3 Qc6 18. Bf5 Qxd6 19. Bxd7 Qxd7 20. Bxe5 d3 21.
f3 Rfe8 22. Qc3 f6 23. Bf4 Re2 24. Rf2 Rae8 25. Raf1 Bg6 26. Rxe2 Rxe2 27. Rf2
Qe7 28. Rxe2 Qxe2 29. Qd2 Qe6 30. b3 Qb6+ 31. Be3 Qd6 32. Bxa7 b6 33. f4 Qd4+
34. Kf1 Bh5 35. Bxb6 Be2+ 36. Ke1 Qxb6 37. Qc3 Qe3 38. Qb2 Bf3+ 39. Kf1 d2 40.
gxf3 d1=Q+ 41. Kg2 Qdg1+ 0-1

[Event "España ch sub-16 2012"]
[Site "Salobreña ESP"]
[Date "2012.07.19"]
[Round "6.9"]
[White "Abal Cores, Lucas"]
[Black "Acosta Sosa, Juan Manuel"]
[Result "1/2-1/2"]
[WhiteElo "1951"]
[BlackElo "2166"]
[PlyCount "107"]
[EventDate "2012.07.16"]
[EventType "swiss"]
[EventRounds "9"]
[EventCountry "ESP"]
[Source "lmi"]
[SourceDate "2012.07.16"]

1. e4 c5 2. Ne2 Nc6 3. d4 cxd4 4. Nxd4 g6 5. Nc3 Bg7 6. Nb3 Nf6 7. g4 d6 8. g5
Nd7 9. h4 h5 10. gxh6 Bxh6 11. Bxh6 Rxh6 12. Qd2 Rh8 13. O-O-O Nf6 14. f4 Bg4
15. Be2 Qd7 16. Nd5 O-O-O 17. Rdg1 Bxe2 18. Qxe2 Qe6 19. Nc3 Rh7 20. Rg5 Rdh8
21. Qe1 Kb8 22. Nd2 Rc8 23. a3 Qd7 24. Nf3 e6 25. Qd2 Ne7 26. Qd4 Nh5 27. Nb5
Nc6 28. Qd2 d5 29. exd5 f6 30. Rxg6 Ne7 31. Qd3 Nxg6 32. Qxg6 Nxf4 33. dxe6
Nxg6 34. exd7 Rxd7 35. c3 Rh8 36. Nbd4 Rd5 37. Rg1 Nxh4 38. Nxh4 Rxh4 39. Rg6
f5 40. Rf6 Rh5 41. Rf7 a6 42. Kc2 Rh2+ 43. Kb3 Rf2 44. Kc4 Re5 45. b4 f4 46. a4
Re8 47. a5 Re3 48. b5 axb5+ 49. Nxb5 Re8 50. Nd6 Rd8 51. Rxb7+ Ka8 52. Rb6 Ra2
53. Ra6+ Kb8 54. Rb6+ 1/2-1/2

[Event "España ch sub-16 2012"]
[Site "Salobreña ESP"]
[Date "2012.07.19"]
[Round "6.10"]
[White "Rubio Tent, Francisco"]
[Black "Domingo Nuñez, Ruben"]
[Result "1/2-1/2"]
[WhiteElo "2120"]
[BlackElo "1887"]
[PlyCount "104"]
[EventDate "2012.07.16"]
[EventType "swiss"]
[EventRounds "9"]
[EventCountry "ESP"]
[Source "lmi"]
[SourceDate "2012.07.16"]

1. e4 e6 2. d4 d5 3. exd5 exd5 4. Nf3 Bd6 5. c4 c6 6. Nc3 Nf6 7. Bd3 dxc4 8.
Bxc4 O-O 9. O-O h6 10. Re1 Nbd7 11. Be3 Nb6 12. Bb3 Bg4 13. h3 Bh5 14. Qe2 Nbd5
15. g4 Bg6 16. Ne5 Bh7 17. f4 Bb4 18. Bd2 Bxc3 19. bxc3 Ne4 20. Bc2 Nxd2 21.
Bxh7+ Kxh7 22. Qxd2 f6 23. Nd3 Qd6 24. Rab1 Rab8 25. Rb3 Kh8 26. Qf2 Rfe8 27.
f5 Rxe1+ 28. Qxe1 Nf4 29. Nxf4 Qxf4 30. Rb2 b6 31. Re2 Qf3 32. Re3 Qf4 33. Qd2
Kh7 34. Qe2 Rd8 35. Qf2 Qc7 36. Qf3 b5 37. Qe4 c5 38. Qe7 Qxe7 39. Rxe7 cxd4
40. cxd4 Rxd4 41. Rxa7 h5 42. g5 Rd6 43. h4 fxg5 44. hxg5 Rd5 45. Rf7 Rd4 46.
Kf2 Rg4 47. g6+ Kh6 48. Kf3 Kg5 49. Rxg7 Kxf5 50. Rb7 Kxg6 51. Rb6+ Kg7 52.
Rxb5 Ra4 1/2-1/2

[Event "España ch sub-16 2012"]
[Site "Salobreña ESP"]
[Date "2012.07.19"]
[Round "6.11"]
[White "Sanchez Garcia, Julio"]
[Black "Perez Barreto, Adrian"]
[Result "0-1"]
[WhiteElo "2108"]
[BlackElo "1961"]
[PlyCount "66"]
[EventDate "2012.07.16"]
[EventType "swiss"]
[EventRounds "9"]
[EventCountry "ESP"]
[Source "lmi"]
[SourceDate "2012.07.16"]

1. d4 Nf6 2. c4 g6 3. Nc3 Bg7 4. e4 d6 5. Nf3 O-O 6. Be2 e5 7. O-O Nc6 8. d5
Ne7 9. b4 Ne8 10. c5 f5 11. Nd2 Nf6 12. Ba3 g5 13. f3 f4 14. Nc4 Ng6 15. b5
dxc5 16. Bxc5 Rf7 17. a4 h5 18. a5 g4 19. Kh1 g3 20. d6 Bf8 21. Qd2 Ne8 22. b6
cxd6 23. bxa7 Nh4 24. Rg1 Qg5 25. Nb6 gxh2 26. Bc4 hxg1=Q+ 27. Bxg1 Rxa7 28.
Nxc8 Ra8 29. Nb6 Rd8 30. a6 bxa6 31. Rxa6 d5 32. Nbxd5 Kh8 33. Bf2 Qxg2# 0-1

[Event "España ch sub-16 2012"]
[Site "Salobreña ESP"]
[Date "2012.07.19"]
[Round "6.12"]
[White "Santos Ruiz, Miguel"]
[Black "Rodriguez Rodriguez, Alvaro"]
[Result "1-0"]
[WhiteElo "2106"]
[BlackElo "1811"]
[PlyCount "91"]
[EventDate "2012.07.16"]
[EventType "swiss"]
[EventRounds "9"]
[EventCountry "ESP"]
[Source "lmi"]
[SourceDate "2012.07.16"]

1. e4 c5 2. Nf3 a6 3. c3 d5 4. exd5 Qxd5 5. d4 Bg4 6. Be2 e6 7. Be3 cxd4 8.
cxd4 Nf6 9. O-O Be7 10. h3 Bh5 11. Nc3 Qd8 12. Ne5 Bxe2 13. Qxe2 O-O 14. Rac1
Nd5 15. Ne4 Nd7 16. f4 N7f6 17. Nxf6+ Bxf6 18. Kh2 Qa5 19. a3 Rad8 20. Bg1 Rc8
21. Qe4 Rxc1 22. Rxc1 Qd2 23. Rc2 Qxf4+ 24. Qxf4 Nxf4 25. Rc7 b6 26. Rc6 Bxe5
27. dxe5 Nd5 28. Bxb6 Nxb6 29. Rxb6 Ra8 30. b4 h5 31. Kg3 Kh7 32. Kf4 Kg6 33.
Rc6 Ra7 34. g3 Ra8 35. Ke4 Ra7 36. Rc8 a5 37. b5 a4 38. b6 Rb7 39. Rc6 f5+ 40.
Kf4 Re7 41. Rc7 Re8 42. b7 Rb8 43. Re7 Kh6 44. Rxe6+ Kh7 45. Re7 Kg6 46. Rc7
1-0

[Event "España ch sub-16 2012"]
[Site "Salobreña ESP"]
[Date "2012.07.19"]
[Round "6.13"]
[White "Forsberg Conde, Martin"]
[Black "Perez Pardo, Sergio Ivan"]
[Result "1-0"]
[WhiteElo "2046"]
[BlackElo "1805"]
[PlyCount "47"]
[EventDate "2012.07.16"]
[EventType "swiss"]
[EventRounds "9"]
[EventCountry "ESP"]
[Source "lmi"]
[SourceDate "2012.07.16"]

1. e4 c5 2. Nf3 e6 3. d4 cxd4 4. Nxd4 a6 5. Nc3 Qc7 6. Bd3 Nc6 7. Nxc6 bxc6 8.
O-O Nf6 9. f4 Bc5+ 10. Kh1 Bb7 11. e5 Nd5 12. Ne4 Qb6 13. Qg4 g6 14. c4 Ne7 15.
b4 Bxb4 16. Rb1 c5 17. Nd6+ Kf8 18. Qh4 Ng8 19. f5 exf5 20. Bh6+ Nxh6 21. Qxh6+
Kg8 22. Nxf5 Bxg2+ 23. Kxg2 Qc6+ 24. Kf2 1-0

[Event "España ch sub-16 2012"]
[Site "Salobreña ESP"]
[Date "2012.07.19"]
[Round "6.14"]
[White "Ventura Bolet, Maxim"]
[Black "Serarols Mabras, Bernat"]
[Result "1/2-1/2"]
[WhiteElo "1943"]
[BlackElo "1974"]
[PlyCount "60"]
[EventDate "2012.07.16"]
[EventType "swiss"]
[EventRounds "9"]
[EventCountry "ESP"]
[Source "lmi"]
[SourceDate "2012.07.16"]

1. c4 e5 2. g3 Nc6 3. Nc3 Nf6 4. Bg2 Bc5 5. a3 a6 6. e3 O-O 7. Nge2 d6 8. O-O
Ba7 9. Nd5 Be6 10. h3 Ne7 11. Nxf6+ gxf6 12. b3 c6 13. Bb2 Qd7 14. Kh2 d5 15.
cxd5 Bxd5 16. e4 Be6 17. Qc2 Rad8 18. Bc3 Qd3 19. Qxd3 Rxd3 20. f4 Bd4 21. Nxd4
exd4 22. Bb4 Re8 23. Rfb1 Rxb3 24. Rxb3 Bxb3 25. Bc5 a5 26. Bxd4 f5 27. Re1 Nd5
28. Rb1 Bc2 29. Rxb7 fxe4 30. Be5 a4 1/2-1/2

[Event "España ch sub-16 2012"]
[Site "Salobreña ESP"]
[Date "2012.07.19"]
[Round "6.15"]
[White "Gonzalez Benavides, Jose Antonio"]
[Black "Garcia De Lomas Guerrero, Carlos"]
[Result "1-0"]
[WhiteElo "1918"]
[BlackElo "2041"]
[PlyCount "103"]
[EventDate "2012.07.16"]
[EventType "swiss"]
[EventRounds "9"]
[EventCountry "ESP"]
[Source "lmi"]
[SourceDate "2012.07.16"]

1. e4 e6 2. Nf3 d5 3. Nc3 Nf6 4. e5 Nfd7 5. d4 c5 6. dxc5 Nc6 7. Bf4 Bxc5 8.
Bd3 f6 9. exf6 Qxf6 10. Bg5 Qf7 11. O-O O-O 12. Be3 Be7 13. Ng5 Bxg5 14. Bxg5
Nde5 15. f4 Nxd3 16. Qxd3 h6 17. Bh4 Qh5 18. Bg3 Nb4 19. Qd2 Qf5 20. Nb5 Nc6
21. Rae1 Qf7 22. c3 Qd7 23. f5 e5 24. f6 Rxf6 25. Rxf6 gxf6 26. Qxh6 Qg7 27.
Qxg7+ Kxg7 28. Nc7 Rb8 29. Rf1 f5 30. Re1 f4 31. Bh4 Bf5 32. Nxd5 Be6 33. Nxf4
Bxa2 34. Nh5+ Kg6 35. g4 Rf8 36. Rf1 Rxf1+ 37. Kxf1 Be6 38. h3 a5 39. Kf2 a4
40. Nf6 Na5 41. Ne4 Bd5 42. Nd2 b5 43. Be7 Nc4 44. Nxc4 Bxc4 45. h4 Bb3 46. Kg3
Bd1 47. h5+ Kh7 48. Kh4 Kh6 49. g5+ Kh7 50. g6+ Kg8 51. h6 Bc2 52. Kg5 1-0

[Event "España ch sub-16 2012"]
[Site "Salobreña ESP"]
[Date "2012.07.19"]
[Round "6.16"]
[White "Gutierrez Valero, Mario"]
[Black "Monge Gilgado, Eva Maria"]
[Result "0-1"]
[WhiteElo "2135"]
[BlackElo "1847"]
[PlyCount "80"]
[EventDate "2012.07.16"]
[EventType "swiss"]
[EventRounds "9"]
[EventCountry "ESP"]
[Source "lmi"]
[SourceDate "2012.07.16"]

1. d4 d5 2. Nf3 Nf6 3. c4 e6 4. e3 Be7 5. Bd3 O-O 6. O-O dxc4 7. Bxc4 c5 8. Qe2
Nc6 9. Rd1 cxd4 10. exd4 Qc7 11. Nc3 a6 12. a3 b5 13. Bd3 Bb7 14. Bg5 Rad8 15.
Rac1 Nd5 16. Qe4 g6 17. Qh4 Rfe8 18. Nxd5 exd5 19. Ne5 Bxg5 20. Qxg5 Qd6 21.
Ng4 Kh8 22. Bb1 Bc8 23. Ne3 Na5 24. Rc5 Be6 25. h4 Kg8 26. h5 Qe7 27. Qg3 Nc4
28. Re1 Qf6 29. hxg6 hxg6 30. Nxc4 bxc4 31. Re5 Rb8 32. b4 cxb3 33. f4 b2 34.
f5 Bxf5 35. Bxf5 Rxe5 36. Bb1 Ree8 37. Rxd5 Qc6 38. Rc5 Qd7 39. Rc7 Qxd4+ 40.
Kh2 Ra8 0-1

[Event "España ch sub-16 2012"]
[Site "Salobreña ESP"]
[Date "2012.07.19"]
[Round "6.17"]
[White "Garcia Martinez, Marcos"]
[Black "Garcia-Castany Musellas, Galla"]
[Result "0-1"]
[WhiteElo "1849"]
[BlackElo "2042"]
[PlyCount "88"]
[EventDate "2012.07.16"]
[EventType "swiss"]
[EventRounds "9"]
[EventCountry "ESP"]
[Source "lmi"]
[SourceDate "2012.07.16"]

1. d4 d5 2. Nf3 Nf6 3. g3 e6 4. c4 dxc4 5. Qa4+ Nbd7 6. Qxc4 a6 7. Qc2 b5 8.
Bg2 Bb7 9. O-O c5 10. Bg5 Rc8 11. Qd1 cxd4 12. Nxd4 Bxg2 13. Kxg2 Bc5 14. Nb3
Be7 15. N1d2 O-O 16. Rc1 Qb6 17. Bxf6 Nxf6 18. Rxc8 Rxc8 19. Qb1 a5 20. Rc1 Rd8
21. Nf3 a4 22. Nbd2 Qb7 23. Qc2 Bb4 24. Nf1 Ne4 25. Qc6 Qxc6 26. Rxc6 g6 27.
Ne5 Bd6 28. Nd3 Bf8 29. Rb6 b4 30. f3 Nc5 31. Nxb4 Rd1 32. Na6 Nd7 33. Rb5 Ra1
34. Nb4 Bxb4 35. Rxb4 Rxa2 36. Kf2 Nc5 37. Ke3 Nb3 38. h4 Kg7 39. Nd2 Rxb2 40.
Nc4 Ra2 41. Nb6 Nc1 42. Rxa4 Rxe2+ 43. Kf4 Nd3+ 44. Kg4 Nf2+ 0-1